|
|
|
|
| LEADER |
00000cam a2200000 7i4500 |
| 001 |
0000001682 |
| 002 |
000001833 |
| 005 |
20000330.0 |
| 020 |
|
|
|a 9679767671
|
| 090 |
0 |
0 |
|a JF
|b ADI
|
| 100 |
0 |
|
|a Adibah Amin
|
| 245 |
1 |
0 |
|a Mawarina-Melati
|c Adibah Amin
|
| 260 |
|
|
|a Petaling Jaya :
|b Longman ,
|c 1992
|
| 300 |
|
|
|a 14p. :
|b ill. ;
|c 21cm.
|
| 490 |
0 |
|
|a Wauku bercerita
|
| 650 |
0 |
0 |
|a Children's stories, Malay
|
| 700 |
1 |
|
|a Abraham, Beatrice
|
| 999 |
|
|
|a 034285
|b BUKU
|c PINJAMAN
|e PERPUSTAKAAN KOMUNITI PETALING JAYA
|
| 999 |
|
|
|a 034286
|b BUKU
|c PINJAMAN
|e PERPUSTAKAAN KOMUNITI PETALING JAYA
|
| 999 |
|
|
|a 034287
|b BUKU
|c JUNIOR FICTION
|e PERPUSTAKAAN KOMUNITI PETALING JAYA
|